80 perfect essays : Information and pictures

Bibliographic Details
Main Author: Hassan Noor
Format: Book
Published: Kuala Lumpur : Sukses Akademia , [s.n]
Series:Grade A
Subjects:

MARC

LEADER 00000cam a2200000 7i4500
001 0000050812
005 20190129.0
008 150723
020 |a 9674442996 
020 |a 9789674442996 
090 0 0 |a 428.24   |b PER 
100 1 |a Hassan Noor 
245 1 0 |a 80 perfect essays :   |b Information and pictures   |c Hassan Noor, Raja Liyana 
260 |a Kuala Lumpur :   |b Sukses Akademia ,   |c [s.n] 
300 |a 96pg. ;   |c 22.5cm. 
490 1 |a Grade A 
500 |a Children ages 10-12 years old (pink) 
650 0 |a English essays 
650 0 |a English language   |x Composition and exercixes, etc. 
650 0 |a English language   |x Writing   |v Problems, exercises, etc. 
999 |a 0001353237   |b Book   |c Adult Collection   |e Cawangan Pontian 
999 |a 0001353238   |b Book   |c Adult Collection   |e Cawangan Segamat 
999 |a 0001353239   |b Book   |c Adult Collection   |e Cawangan Sri Merlong 
999 |a 0001353240   |b Book   |c Adult Collection   |e Cawangan Tmn. Ungku Tun Aminah 
999 |a 0001353241   |b Book   |c Adult Collection   |e Cawangan Bukit Gambir 
999 |a 0001353242   |b Book   |c Adult Collection   |e Cawangan Mersing 
999 |a 0001353245   |b Book   |c Adult Collection   |e Cawangan Kota Tinggi 
999 |a 0001353246   |b Book   |c Adult Collection   |e Cawangan Bandar Penawar 
999 |a 0001353247   |b Book   |c Adult Collection   |e Cawangan Taman Sri Lambak 
999 |a 0001353248   |b Book   |c Adult Collection   |e Cawangan Bandar Tenggara 
999 |a 0001353981   |b Book   |c Children Collection   |e Perbadanan Perpustakaan Awam Johor 
999 |a 0001353982   |b Book   |c Adult Collection   |e Cawangan Urban Transformation Centre